Oranje Quiz - Statistieken

Algemene statistieken
  • Deze quiz is 109 keer genomen
  • De gemiddelde score is 5 van 18
Antwoordstatistieken
Hint Antwoord % Correct
In welk jaar werd Nederland Europees kampioen voetbal? 1988
76%
Wie is op dit moment de titel Prins(es) van Oranje? Catharina-Amalia
56%
In welk land ligt het voormalige vorstendom Orange? Frankrijk
45%
Het woord 'oranje' is afkomstig van het Perzische 'narang'. Wat betekent dat? Sinaasappel
44%
Welke Netflix-serie gaat over een Amerikaanse vrouwengevangenis? Orange is the new black
38%
In welk land stroomt de Oranjerivier? Zuid-Afrika
26%
Wat volgt er in het Wilhelmus op "Een Prinse van Oranje..." ben ik vrij onverveerd
25%
In Orange County, Californië, vind je een groot pretpark. Welke is dat? Disneyland
21%
"De stem van strijdend Nederland" in de Tweede Wereldoorlog Radio Oranje
19%
Uit welke stad komt hockeyclub Oranje-Rood? Eindhoven
18%
Wie vermoordde de 'vader des vaderlands' Willem van Oranje in 1584? Balthasar Gerards
15%
Wat is de bijnaam van het ontbladeringsmiddel dat de VS inzetten als chemisch wapen tijdens de Vietnamoorlog? Agent Orange
14%
Welke bevolkingsgroep regeerde in Oranje Vrijstaat? Boeren
14%
Welke stichting is de initiatiefnemer van onder meer 'Burendag' en 'NL Doet'? Oranje Fonds
11%
Wie regisseerde de filmklassieker "A Clockwork Orange" uit 1962? Stanley Kubrick
10%
Wie schreef het boek "Soldaat van Oranje"? Erik Hazelhof Roelfzema
8%
In 2004 vond de Oranjerevolutie plaats in dit land Oekraïne
8%
In welke Nederlandse gemeente ligt Oranjedorp? Emmen
4%
Geen overeenkomende quizzen gevonden
Scoreverdeling
Procent van Mensen met Elke Score
Percentiel versus Aantal Correcte Antwoorden
Uw Scoregeschiedenis
U heeft deze quiz nog niet genomen